My Beautiful Dark Twisted Fantasy Tracklist (Kanye West) - Statistics

General Stats
  • This quiz has been taken 905 times
  • The average score is 11 of 13
Answer Stats
Hint Answer % Correct
9 Runaway
95%
1 Dark Fantasy
90%
8 Devil In A New Dress
90%
5 All Of The Lights
89%
4 All Of The Lights (Interlude)
89%
3 POWER
87%
6 Monster
86%
2 Gorgeous
83%
11 Blame Game
74%
13 Who Will Survive In America
71%
10 Hell Of A Life
69%
12 Lost In The World
66%
7 So Appalled
66%
No matching quizzes found
Score Distribution
Percent of People with Each Score
Percentile by Number Answered
Your Score History
You have not taken this quiz